Logo CIB grande

Sell6 (Registro nro. 237568)

Detalles MARC
000 -LEADER
campo de control de longitud fija 00718nam a2200241Ia 4500
005 - FECHA Y HORA DE LA ÚLTIMA TRANSACCIÓN
campo de control 20250425162837.0
008 - DATOS DE LONGITUD FIJA--INFORMACIÓN GENERAL
campo de control de longitud fija 250425s9999 xx 000 0 und d
020 ## - NÚMERO INTERNACIONAL ESTÁNDAR DEL LIBRO
Número Internacional Estándar del Libro 9781337407939
041 ## - CÓDIGO DE IDIOMA
Código de lengua del texto/banda sonora o título independiente eng
082 ## - NÚMERO DE LA CLASIFICACIÓN DECIMAL DEWEY
Número de clasificación 658.85
Iniciales del Autor ING
010 ## - NÚMERO DE CONTROL DE LA BIBLIOTECA DEL CONGRESO
Número de control de LC 112418
100 ## - ENTRADA PRINCIPAL--NOMBRE DE PERSONA
Nombre de persona Ingram, Thomas N.
245 #0 - MENCIÓN DEL TÍTULO
Título Sell6
Resto del título trust-based professional selling
Mención de responsabilidad, etc. Thomas N. Ingram, Raymond W. LaForge, Ramon A. Avila, Charles H. Schwepker, Michael R. Williams.
250 ## - MENCION DE EDICION
Mención de edición Student edition.
260 ## - PUBLICACIÓN, DISTRIBUCIÓN, ETC.
Lugar de publicación, distribución, etc. Boston
Nombre del editor, distribuidor, etc. Cengage
Fecha de publicación, distribución, etc. 2020
300 ## - DESCRIPCIÓN FÍSICA
Extensión 248 páginas
650 ## - PUNTO DE ACCESO ADICIONAL DE MATERIA--TÉRMINO DE MATERIA
Término de materia o nombre geográfico como elemento de entrada Ventas
700 ## - ENTRADA AGREGADA--NOMBRE PERSONAL
Nombre de persona Avila, Ramon A.
700 ## - ENTRADA AGREGADA--NOMBRE PERSONAL
Nombre de persona LaForge, Raymond W.
700 ## - ENTRADA AGREGADA--NOMBRE PERSONAL
Nombre de persona Schwepker, Charles H.
700 ## - ENTRADA AGREGADA--NOMBRE PERSONAL
Nombre de persona Williams, Michael R.
942 ## - ELEMENTOS DE ENTRADA SECUNDARIOS (KOHA)
Tipo de ítem Koha Libros
Existencias
Estatus retirado Estado de pérdida Estado de daño No para préstamo Biblioteca de origen Biblioteca actual Fecha de adquisición Coste, precio normal de compra Etiqueta RFID Total de préstamos Código de barras Visto por última vez Copia número Fecha de reemplazo Tipo de ítem Koha
        CENTRO DE INFORMACIÓN BIBLIOTECARIA CENTRO DE INFORMACIÓN BIBLIOTECARIA 18/10/2022 171.00 0000000000000000035880   80806 08/08/2025 1 08/08/2025 Libros

Copyright 2025 ESPOL. Todos los derechos reservados.